Effect of Thiphene-plasma coating of silica on the reinforcing performance in EPDM, SBR and NBR (Record no. 58210)

MARC details
000 -LEADER
fixed length control field 00455nam a2200157Ia 4500
100 ## - MAIN ENTRY--AUTHOR NAME
Personal name Tiwari M
245 #0 - TITLE STATEMENT
Title Effect of Thiphene-plasma coating of silica on the reinforcing performance in EPDM, SBR and NBR
260 ## - PUBLICATION, DISTRIBUTION, ETC. (IMPRINT)
Name of publisher Kautschuk Gummi Kunststoffe
Year of publication 2009
300 ## - PHYSICAL DESCRIPTION
Number of Pages 306-312
700 ## - ADDED ENTRY--PERSONAL NAME
Personal name Datta R N
700 ## - ADDED ENTRY--PERSONAL NAME
Personal name Dierkes W K
700 ## - ADDED ENTRY--PERSONAL NAME
Personal name Noordermeer J W M
700 ## - ADDED ENTRY--PERSONAL NAME
Personal name Ooji W J van
942 ## - ADDED ENTRY ELEMENTS (KOHA)
Koha item type Journals
Holdings
Withdrawn status Lost status Damaged status Not for loan Home library Current library Shelving location Date acquired Serial Enumeration / chronology Koha item type
      Journals RRII Library RRII Library Rubber technology 15/07/2009 Volume 62, Issue 6 Journals